Statistics for State Capitals with a Professional Sports Team

Click here to take the quiz!

General Stats

  • This quiz has been taken 800 times
    (738 since last reset)
  • The average score is 9 of 13

Answer Stats

NFLMLBNBANHLMLSCapital City% Correct
----Sacramento
86%
(✓)-Atlanta
85%
(✓)(✓)Boston
83%
(✓)Denver
74%
(✓)(✓)-Phoenix
74%
---Columbus
69%
----Austin
66%
--Nashville
63%
----Oklahoma City
62%
---Indianapolis
61%
---(✓)Salt Lake City
60%
(✓)(✓)(✓)Saint Paul
58%
----Raleigh
56%

Score Distribution

Percentile by Number Answered

Percent of People with Each Score

Your Score History

You have not taken this quiz since the last reset